[Event "CAN-ch"]
[Site "Kingston CAN"]
[Date "2019.04.20"]
[Round "4.6"]
[White "Samsonkin, Artiom"]
[Black "Findlay, Ian"]
[Result "1-0"]
[WhiteElo "2424"]
[BlackElo "2233"]
[PlyCount "121"]
[EventDate "2019.04.18"]
[EventType "swiss"]
[EventRounds "9"]
[EventCountry "CAN"]

1. e4 c5 2. Nf3 d6 3. d4 cxd4 4. Qxd4 Nc6 5. Bb5 Bd7 6. Qd3 Nf6 7. c4 a6 8.
Bxc6 Bxc6 9. Nc3 e6 10. O-O Be7 11. Rd1 O-O 12. Bf4 Qa5 13. Bd2 Qh5 14. Re1
Rfe8 15. h3 Rac8 16. Rac1 Nd7 17. Nd4 Ne5 18. Qf1 Bd7 19. b3 Nc6 20. Nde2 Bf6
21. Red1 Red8 22. Be3 Be8 23. Bb6 Rd7 24. Ng3 Qg6 25. Qe2 Be5 26. Qe3 Qf6 27.
Nge2 Qe7 28. Rd2 g6 29. Rcd1 f5 30. f4 Bg7 31. Kh2 Bf7 32. e5 Nxe5 33. fxe5
Bxe5+ 34. Kh1 g5 35. Bd4 f4 36. Qf2 Bxd4 37. Rxd4 e5 38. Nd5 Qd8 39. Re4 Bg6
40. Nec3 Rc6 41. Qf3 Kg7 42. Re2 Qf8 43. Ne4 Qf5 44. g4 fxg3 45. Qxf5 Bxf5 46.
Kg2 Bxe4+ 47. Rxe4 Rf7 48. Kxg3 b5 49. Kg2 bxc4 50. Rxc4 Rxc4 51. bxc4 Rb7 52.
Ne3 Rb2+ 53. Kf3 Rxa2 54. Rxd6 a5 55. c5 Ra3 56. Ra6 a4 57. Ke4 Rc3 58. c6 a3
59. Nd5 Rc4+ 60. Kxe5 a2 61. c7 1-0

[Event "CAN-ch"]
[Site "Kingston CAN"]
[Date "2019.04.20"]
[Round "5.4"]
[White "Hua, Eugene"]
[Black "Samsonkin, Artiom"]
[Result "0-1"]
[WhiteElo "2329"]
[BlackElo "2424"]
[PlyCount "66"]
[EventDate "2019.04.18"]
[EventType "swiss"]
[EventRounds "9"]
[EventCountry "CAN"]

1. e4 c5 2. Nf3 d6 3. d4 cxd4 4. Qxd4 Nf6 5. Nc3 Nc6 6. Bb5 Bd7 7. Bxc6 Bxc6 8.
Bg5 e6 9. O-O-O Be7 10. Rhe1 O-O 11. Kb1 h6 12. Bh4 b5 13. Bxf6 Bxf6 14. Qxd6
Qb6 15. Ne5 Bxe5 16. Qxe5 b4 17. Ne2 Qxf2 18. Nd4 Bb7 19. Re2 Qh4 20. Nf3 Rfd8
21. Rxd8+ Qxd8 22. Rd2 Qb6 23. Qd4 Qb5 24. Rd3 Rc8 25. Ne5 f6 26. Ng4 Qc6 27.
Ne3 a5 28. e5 f5 29. h4 Qc5 30. b3 Be4 31. Qxc5 Rxc5 32. Rd6 Rc3 33. Nc4 Rxc2
0-1

[Event "CAN-ch"]
[Site "Kingston CAN"]
[Date "2019.04.21"]
[Round "6.1"]
[White "Noritsyn, Nikolay"]
[Black "Samsonkin, Artiom"]
[Result "1-0"]
[WhiteElo "2489"]
[BlackElo "2424"]
[PlyCount "65"]
[EventDate "2019.04.18"]
[EventType "swiss"]
[EventRounds "9"]
[EventCountry "CAN"]

1. e4 c5 2. Nf3 d6 3. d4 cxd4 4. Nxd4 Nf6 5. Nc3 a6 6. Be2 g6 7. g4 h5 8. g5
Nfd7 9. f4 Bg7 10. f5 Nc6 11. Be3 Nxd4 12. Bxd4 Be5 13. Qd2 b5 14. O-O-O Bb7
15. Rhf1 Qc7 16. Kb1 Rc8 17. Bxe5 Nxe5 18. f6 b4 19. Nd5 Bxd5 20. exd5 O-O 21.
Rc1 a5 22. Rf4 Qb7 23. Bxh5 Rc5 24. Be2 Qxd5 25. Qe3 Qe6 26. Qg3 exf6 27. gxf6
Nc4 28. Bd3 Na3+ 29. bxa3 bxa3 30. Bxg6 Rb8+ 31. Ka1 Kf8 32. Bh7 Ke8 33. Re4
1-0

[Event "CAN-ch"]
[Site "Kingston CAN"]
[Date "2019.04.21"]
[Round "7.4"]
[White "Samsonkin, Artiom"]
[Black "Tremblay, Rejean"]
[Result "1-0"]
[WhiteElo "2424"]
[BlackElo "2146"]
[PlyCount "107"]
[EventDate "2019.04.18"]
[EventType "swiss"]
[EventRounds "9"]
[EventCountry "CAN"]

1. e4 e6 2. d4 d5 3. Nc3 Nf6 4. e5 Nfd7 5. f4 c5 6. Nf3 Nc6 7. Be3 Qb6 8. Na4
Qa5+ 9. c3 c4 10. b4 Qd8 11. Be2 b5 12. Nc5 Nxc5 13. dxc5 a5 14. a3 Be7 15. O-O
O-O 16. Nd4 Nxd4 17. Bxd4 Bd7 18. Bf3 f5 19. exf6 Bxf6 20. Qd2 Bxd4+ 21. Qxd4
Qf6 22. Qxf6 Rxf6 23. Bg4 Ra6 24. g3 Rf8 25. Rfe1 g6 26. Rad1 Bc8 27. Re3 axb4
28. axb4 Kf7 29. Rde1 Rd8 30. Rd1 Rd7 31. Kf2 Rc7 32. Re2 Ra3 33. Rc2 Rca7 34.
Ke3 Bd7 35. Bf3 h5 36. Kd4 Kf6 37. h3 Ra2 38. Rcd2 Rxd2+ 39. Rxd2 Ra1 40. Bd1
Be8 41. g4 hxg4 42. hxg4 Rc1 43. Bc2 Rf1 44. g5+ Ke7 45. Rh2 Rxf4+ 46. Ke5 Rg4
47. Rh7+ Bf7 48. c6 Rxg5+ 49. Kf4 Rg1 50. Rxf7+ Kxf7 51. c7 Rf1+ 52. Ke3 Rc1
53. Kd2 Rxc2+ 54. Kxc2 1-0

[Event "CAN-ch"]
[Site "Kingston CAN"]
[Date "2019.04.22"]
[Round "8.3"]
[White "Samsonkin, Artiom"]
[Black "Thavandiran, Shiyam"]
[Result "0-1"]
[WhiteElo "2424"]
[BlackElo "2412"]
[PlyCount "98"]
[EventDate "2019.04.18"]
[EventType "swiss"]
[EventRounds "9"]
[EventCountry "CAN"]

1. e4 Nf6 2. e5 Nd5 3. d4 d6 4. Nf3 Nc6 5. c4 Nb6 6. exd6 exd6 7. h3 Be7 8. Nc3
O-O 9. Be2 Re8 10. O-O Bf6 11. Be3 Bf5 12. Rc1 h6 13. Qb3 Qc8 14. Kh2 Ne7 15.
g4 Bg6 16. Rg1 Nc6 17. Rg3 a5 18. Qd1 Qd8 19. d5 Ne5 20. Nxe5 dxe5 21. c5 Nc8
22. Bb5 Rf8 23. Qf3 e4 24. Nxe4 Be5 25. Rd1 Qe7 26. Nc3 f5 27. gxf5 Rxf5 28.
Qg2 Bh5 29. Be2 Bxg3+ 30. Qxg3 Bxe2 31. Nxe2 Kh7 32. Nf4 Rg5 33. Qf3 Rf5 34.
Qg4 Qe5 35. d6 cxd6 36. Qg6+ Kg8 37. Rd5 Rf6 38. Qg3 Qe4 39. Rd4 Qe8 40. Qg2
dxc5 41. Qd5+ Rf7 42. Re4 Qd7 43. Qxc5 Ne7 44. Qc4 Nf5 45. Bc5 Rc8 46. Nd5 Nd6
47. Qb3 Rxc5 48. Ne7+ Kh7 49. Qd3 Nxe4 0-1

[Event "CAN-ch"]
[Site "Kingston CAN"]
[Date "2019.04.22"]
[Round "9.3"]
[White "Samsonkin, Artiom"]
[Black "Dukic, Zachary"]
[Result "1-0"]
[WhiteElo "2424"]
[BlackElo "2167"]
[PlyCount "81"]
[EventDate "2019.04.18"]
[EventType "swiss"]
[EventRounds "9"]
[EventCountry "CAN"]

1. e4 e5 2. Nf3 Nc6 3. d4 exd4 4. Bc4 Bc5 5. Ng5 Nh6 6. Nxf7 Nxf7 7. Bxf7+ Kxf7
8. Qh5+ g6 9. Qxc5 d6 10. Qb5 Re8 11. O-O Rxe4 12. Qd5+ Re6 13. Bg5 Qf8 14. c3
Qg7 15. f4 Bd7 16. Nd2 dxc3 17. bxc3 Kg8 18. Ne4 Rf8 19. Rae1 Kh8 20. Bh4 Rf5
21. Qd2 h6 22. Kh1 Rf8 23. Bf2 Rfe8 24. Ng3 Rxe1 25. Rxe1 Rxe1+ 26. Qxe1 Qe7
27. Qb1 Qe6 28. Qxb7 Qxa2 29. Bg1 Qa5 30. Ne4 Qf5 31. Qxc7 Qxe4 32. Qxd7 a5 33.
Qxd6 Kh7 34. Qc7+ Kg8 35. h3 Qd5 36. Qb7 Qc4 37. Qc8+ Kf7 38. f5 gxf5 39. Qxf5+
Ke8 40. Bc5 Kd8 41. Qf8+ 1-0

[Event "Aeroflot op-B"]
[Site "Moscow RUS"]
[Date "2019.02.20"]
[Round "1.38"]
[White "Samsonkin, Artiom"]
[Black "Zhang Xuan"]
[Result "1-0"]
[WhiteElo "2419"]
[BlackElo "2257"]
[PlyCount "85"]
[EventDate "2019.02.20"]
[EventType "swiss"]
[EventRounds "9"]
[EventCountry "RUS"]
[Source "ChessMix"]
[SourceDate "2019.03.01"]

1. e4 c5 2. Nf3 Nc6 3. Bb5 g6 4. c3 Bg7 5. d4 cxd4 6. cxd4 Nf6 7. Nc3 d5 8. Ne5
Bd7 9. Nxd7 Qxd7 10. e5 Ng8 11. Na4 Qc7 12. O-O e6 13. b3 Nge7 14. Ba3 Qa5 15.
Qd3 a6 16. Bxc6+ Nxc6 17. Rac1 Bf8 18. Bxf8 Rxf8 19. a3 Rc8 20. Nc5 Qb6 21. b4
Rc7 22. Rc3 h5 23. Qd2 a5 24. Rb1 axb4 25. axb4 Qb5 26. Ra3 Rc8 27. h3 Kd8 28.
Kh2 Kc7 29. Rc1 b6 30. Rac3 Rfe8 31. Qf4 Re7 32. Qf6 Kb8 33. Na6+ Qxa6 34. Rxc6
Rxc6 35. Rxc6 Qb7 36. Qh8+ Ka7 37. b5 Rc7 38. Rd6 Rc4 39. Rd8 Qc7 40. Qf8 Kb7
41. Re8 Rxd4 42. Re7 Rc4 43. Qxf7 1-0

[Event "Aeroflot op-B"]
[Site "Moscow RUS"]
[Date "2019.02.21"]
[Round "2.15"]
[White "Zhu, Yilun"]
[Black "Samsonkin, Artiom"]
[Result "0-1"]
[WhiteElo "2178"]
[BlackElo "2419"]
[PlyCount "94"]
[EventDate "2019.02.20"]
[EventType "swiss"]
[EventRounds "9"]
[EventCountry "RUS"]
[Source "ChessMix"]
[SourceDate "2019.03.01"]

1. e4 c5 2. Nc3 e6 3. Nf3 Nc6 4. d4 cxd4 5. Nxd4 d6 6. g3 Nf6 7. Bg2 Nxd4 8.
Qxd4 Be7 9. b3 O-O 10. Bb2 a6 11. O-O-O Qc7 12. f4 e5 13. Qd2 Rd8 14. h3 b5 15.
g4 Bb7 16. Nd5 Bxd5 17. exd5 Rac8 18. Kb1 exf4 19. Rhe1 Re8 20. Rc1 Nd7 21.
Qxf4 h6 22. Qf2 Bf6 23. Bxf6 Nxf6 24. Qd2 Rxe1 25. Rxe1 a5 26. Re2 a4 27. Be4
Qc5 28. Bf3 a3 29. Re1 b4 30. h4 Re8 31. g5 Rxe1+ 32. Qxe1 hxg5 33. hxg5 Qd4
34. c3 Qd3+ 35. Kc1 Qxf3 36. gxf6 Qf4+ 37. Kc2 Qf5+ 38. Kc1 Qg5+ 39. Kc2 Qf5+
40. Kc1 Qg5+ 41. Kc2 Qxf6 42. Qe8+ Kh7 43. Qe4+ g6 44. Qxb4 Qf2+ 45. Kd3 Qxa2
46. Qxd6 Qxb3 47. Qd7 Kg7 0-1

[Event "Aeroflot op-B"]
[Site "Moscow RUS"]
[Date "2019.02.22"]
[Round "3.2"]
[White "Samsonkin, Artiom"]
[Black "Harutyunian, Tigran K"]
[Result "1/2-1/2"]
[WhiteElo "2419"]
[BlackElo "2532"]
[PlyCount "72"]
[EventDate "2019.02.20"]
[EventType "swiss"]
[EventRounds "9"]
[EventCountry "RUS"]
[Source "ChessMix"]
[SourceDate "2019.03.01"]

1. e4 e5 2. Nf3 Nc6 3. d4 exd4 4. Bc4 Bc5 5. Ng5 Nh6 6. Nxf7 Nxf7 7. Bxf7+ Kxf7
8. Qh5+ g6 9. Qxc5 d5 10. O-O dxe4 11. c3 Re8 12. cxd4 Qxd4 13. Qg5 Qf6 14. Qg3
Nd4 15. Nc3 c6 16. Bg5 Qe5 17. Rae1 Bf5 18. Qh4 h5 19. Nxe4 Qxe4 20. Rxe4 Rxe4
21. f4 Re2 22. Bd8 Ke8 23. Ba5 Kf7 24. Rd1 c5 25. Bc3 Rae8 26. Qg5 Rc2 27. Qh6
Kg8 28. h3 Ree2 29. Qg5 Ne6 30. Rd8+ Nxd8 31. Qxd8+ Kf7 $11 32. Qd5+ Ke8 33.
Qg8+ Kd7 34. Qd5+ Ke8 35. Qg8+ Kd7 36. Qd5+ Ke8 1/2-1/2

[Event "Aeroflot op-B"]
[Site "Moscow RUS"]
[Date "2019.02.23"]
[Round "4.4"]
[White "Levin, Evgeny"]
[Black "Samsonkin, Artiom"]
[Result "1/2-1/2"]
[WhiteElo "2512"]
[BlackElo "2419"]
[PlyCount "33"]
[EventDate "2019.02.20"]
[EventType "swiss"]
[EventRounds "9"]
[EventCountry "RUS"]
[Source "ChessMix"]
[SourceDate "2019.03.01"]

1. d4 Nf6 2. c4 e6 3. Nf3 Bb4+ 4. Nbd2 O-O 5. a3 Be7 6. e4 d6 7. Be2 a5 8. O-O
Nfd7 9. Nb1 e5 10. Nc3 exd4 11. Nxd4 Nc5 12. f3 Bf6 13. Ndb5 Be6 14. Be3 Qe7
15. Qc2 c6 16. Nd4 a4 17. Rad1 $11 1/2-1/2

[Event "Toronto Chess to Remember"]
[Site "Toronto CAN"]
[Date "2018.09.23"]
[Round "1"]
[White "Samsonkin, Artiom"]
[Black "Li, William"]
[Result "1-0"]
[WhiteElo "2428"]
[BlackElo "2200"]
[PlyCount "57"]
[EventDate "2018.09.23"]
[EventType "swiss (rapid)"]
[EventRounds "5"]
[EventCountry "CAN"]

1. e4 c5 2. Nf3 d6 3. d4 cxd4 4. Qxd4 Nc6 5. Bb5 Bd7 6. Bxc6 Bxc6 7. Nc3 Nf6 8.
Bg5 e6 9. O-O-O Be7 10. Rhe1 O-O 11. Kb1 Qa5 12. Qd2 Kh8 13. Nd4 Rac8 14. f3
Rfd8 15. g4 Be8 16. h4 Rc4 17. Nb3 Qc7 18. h5 a5 19. h6 g6 20. Qf4 Ng8 21. Bxe7
Qxe7 22. Nxa5 Rc7 23. Qe3 Ra8 24. Qd4+ f6 25. Nc4 Nxh6 26. Nxd6 Rd7 27. e5 f5
28. Nd5 Qf8 29. Nb6 1-0

[Event "Toronto Chess to Remember"]
[Site "Toronto CAN"]
[Date "2018.09.23"]
[Round "2"]
[White "Liang, Hairan"]
[Black "Samsonkin, Artiom"]
[Result "0-1"]
[WhiteElo "2251"]
[BlackElo "2428"]
[PlyCount "58"]
[EventDate "2018.09.23"]
[EventType "swiss (rapid)"]
[EventRounds "5"]
[EventCountry "CAN"]

1. e4 e6 2. d4 d5 3. Nd2 Nc6 4. Ngf3 Nf6 5. e5 Nd7 6. Be2 f6 7. exf6 Qxf6 8.
Nf1 Bd6 9. Ne3 O-O 10. O-O Qg6 11. c4 Nf6 12. c5 Bf4 13. Bb5 Qh5 14. h3 Kh8 15.
Nc2 Ne4 16. Bxf4 Rxf4 17. Nh2 Qg6 18. Qc1 e5 19. Qe3 Rh4 20. Kh1 Nxd4 21. Nxd4
exd4 22. Qxd4 Bxh3 23. gxh3 Ng3+ 24. fxg3 Rxd4 25. Rf3 h5 26. Raf1 c6 27. Be2
Rd2 28. Bd1 Qe4 29. Kg1 Qd4+ 0-1

[Event "Toronto Chess to Remember"]
[Site "Toronto CAN"]
[Date "2018.09.23"]
[Round "3"]
[White "Samsonkin, Artiom"]
[Black "Vettese, Nicholas"]
[Result "1-0"]
[WhiteElo "2428"]
[BlackElo "2231"]
[PlyCount "107"]
[EventDate "2018.09.23"]
[EventType "swiss (rapid)"]
[EventRounds "5"]
[EventCountry "CAN"]

1. d4 Nf6 2. Bf4 g6 3. Nc3 d5 4. Qd2 c6 5. Nf3 Bg7 6. Bh6 O-O 7. Bxg7 Kxg7 8.
Ne5 Nbd7 9. f4 c5 10. Nxd7 Qxd7 11. e3 cxd4 12. Qxd4 Qc6 13. Be2 Qb6 14. Qxb6
axb6 15. O-O-O Bg4 16. Bxg4 Nxg4 17. Rxd5 Nxe3 18. Re5 Nxg2 19. Rxe7 Nxf4 20.
Rxb7 Rab8 21. Rd7 Rbd8 22. Rhd1 Rxd7 23. Rxd7 Re8 24. b4 g5 25. a4 h5 26. Nd5
Re1+ 27. Kb2 Re4 28. Kb3 g4 29. Nxb6 Re2 30. a5 Rxh2 31. Nc4 Re2 32. a6 g3 33.
a7 g2 34. Rd1 Re8 35. b5 h4 36. b6 h3 37. b7 h2 38. b8=Q g1=Q 39. Rxg1+ hxg1=Q
40. Qxe8 Qxa7 41. Qe5+ Kg8 42. Qxf4 Qb7+ 43. Kc3 Qc6 44. Kd4 Qd7+ 45. Nd6 Qa7+
46. Kd3 Qa3+ 47. c3 Qa6+ 48. Kd4 Qa4+ 49. c4 Qa1+ 50. Kd5 Qa8+ 51. Ke5 Qa1+ 52.
Kf5 Qb1+ 53. Ne4 Qd3 54. Qg3+ 1-0

[Event "Toronto Chess to Remember"]
[Site "Toronto CAN"]
[Date "2018.09.23"]
[Round "4"]
[White "Cummings, David"]
[Black "Samsonkin, Artiom"]
[Result "0-1"]
[WhiteElo "2335"]
[BlackElo "2428"]
[PlyCount "52"]
[EventDate "2018.09.23"]
[EventType "swiss (rapid)"]
[EventRounds "5"]
[EventCountry "CAN"]

1. c4 Nf6 2. Nc3 e6 3. e4 d5 4. cxd5 exd5 5. e5 Nfd7 6. d4 c5 7. Nf3 Nc6 8. Bb5
a6 9. Bxc6 bxc6 10. O-O Be7 11. dxc5 Nxc5 12. Nd4 Qc7 13. f4 O-O 14. f5 Ne4 15.
f6 Bc5 16. fxg7 Re8 17. Nxe4 dxe4 18. Kh1 Rd8 19. Be3 Qa7 20. Qh5 Bxd4 21. Bxd4
Rxd4 22. Rf4 e3 23. Raf1 Rxf4 24. Rxf4 Qe7 25. g3 Qe6 26. Rd4 Bb7 0-1

[Event "Toronto Chess to Remember"]
[Site "Toronto CAN"]
[Date "2018.09.23"]
[Round "5"]
[White "Samsonkin, Artiom"]
[Black "Wajdy, Shebetah"]
[Result "1-0"]
[WhiteElo "2428"]
[BlackElo "2041"]
[PlyCount "37"]
[EventDate "2018.09.23"]
[EventType "swiss (rapid)"]
[EventRounds "5"]
[EventCountry "CAN"]

1. e4 c6 2. d4 d6 3. Nc3 Qc7 4. f4 e5 5. Nf3 Bg4 6. Be3 Nd7 7. h3 Bxf3 8. Qxf3
Ngf6 9. g4 h6 10. O-O-O Be7 11. g5 hxg5 12. fxg5 Nh5 13. Bc4 f6 14. Be6 O-O-O
15. dxe5 dxe5 16. Bxa7 Nf4 17. Qg4 fxg5 18. Na4 b5 19. Bxd7+ 1-0

[Event "Toronto op"]
[Site "Toronto CAN"]
[Date "2018.09.03"]
[Round "5.1"]
[White "Vettese, Nicholas"]
[Black "Samsonkin, Artiom"]
[Result "1-0"]
[WhiteElo "2341"]
[BlackElo "2553"]
[PlyCount "59"]
[EventDate "2018.09.01"]
[EventType "swiss"]
[EventRounds "6"]
[EventCountry "CAN"]

1. e4 e6 2. d4 d5 3. Nc3 Nc6 4. Nf3 Nf6 5. Bd3 Bb4 6. O-O Bxc3 7. exd5 exd5 8.
bxc3 O-O 9. h3 Re8 10. Re1 Ne4 11. Ng5 Bf5 12. Nxe4 Bxe4 13. Bxe4 dxe4 14. d5
Ne7 15. c4 Ng6 16. Qd4 Qf6 17. Qxf6 gxf6 18. Bb2 f5 19. Rad1 Rad8 20. c5 c6 21.
d6 Re6 22. Re3 b6 23. Ra3 f4 24. Rxa7 bxc5 25. d7 Ne5 26. Rc7 Kf8 27. Ba3 e3
28. Rc8 Rd6 29. Bxc5 e2 30. Rxd8+ 1-0

[Event "North American op"]
[Site "Las Vegas USA"]
[Date "2017.12.26"]
[Round "2"]
[White "Samsonkin, Artiom"]
[Black "Collyer, Curt"]
[Result "1-0"]
[WhiteElo "2407"]
[BlackElo "2250"]
[PlyCount "75"]
[EventDate "2017.12.26"]
[EventType "swiss"]
[EventRounds "9"]
[EventCountry "USA"]
[Source "Chess Mix"]
[SourceDate "2018.01.01"]

1. e4 e6 2. d4 d5 3. Nc3 Nc6 4. Nf3 Nf6 5. e5 Ne4 6. Bd3 Bb4 7. Bd2 Nxd2 8.
Qxd2 f6 9. a3 Bxc3 10. Qxc3 fxe5 11. dxe5 Bd7 12. O-O-O Qe7 13. h4 O-O-O 14.
Qd2 h6 15. Qe3 Rhf8 16. Kb1 Kb8 17. h5 Be8 18. Be2 Qf7 19. Rh4 Ne7 20. Qc3 Rc8
21. b4 Bd7 22. Rg4 Rg8 23. Nd4 c5 24. bxc5 b6 25. Nb3 Ka8 26. Ba6 Rc7 27. Qd2
Qxh5 28. cxb6 axb6 29. Qe2 Ka7 30. Bd3 Qf7 31. Rb4 Rf8 32. f4 Nc6 33. Ra4+ Kb8
34. Qe3 Qe7 35. Ra6 Rb7 36. Rxb6 Qxa3 37. Ba6 Bc8 38. Rxc6 1-0

[Event "North American op"]
[Site "Las Vegas USA"]
[Date "2017.12.27"]
[Round "3"]
[White "Cuya, Bryan"]
[Black "Samsonkin, Artiom"]
[Result "1/2-1/2"]
[WhiteElo "2270"]
[BlackElo "2407"]
[PlyCount "89"]
[EventDate "2017.12.26"]
[EventType "swiss"]
[EventRounds "9"]
[EventCountry "USA"]
[Source "Chess Mix"]
[SourceDate "2018.01.01"]

1. d4 Nf6 2. Nf3 e6 3. Bg5 h6 4. Bh4 b6 5. e3 Bb7 6. Bd3 d6 7. O-O Nbd7 8. Qe2
g5 9. Bg3 Ne4 10. Bxe4 Bxe4 11. Nc3 Bb7 12. e4 Bg7 13. e5 g4 14. Nd2 dxe5 15.
Qxg4 Nf6 16. Qe2 exd4 17. Nb5 O-O 18. Bxc7 d3 19. Qxd3 Qxd3 20. cxd3 Nd5 21.
Bg3 Bxb2 22. Rab1 Bg7 23. Rfc1 Rfd8 24. h3 Ba6 25. Kh2 Bxb5 26. Rxb5 Nc3 27.
Rb3 Rxd3 28. Rc2 Rad8 29. Nf3 Ne4 30. Bh4 Rxb3 31. axb3 Rd7 32. Rc4 f5 33. b4
Kf7 34. g4 Nd6 35. Rc6 Nb5 36. gxf5 exf5 37. Bg3 Rd5 38. Kg2 Bf6 39. Bb8 a5 40.
bxa5 bxa5 41. Ra6 Nc3 42. Bc7 a4 43. Bf4 h5 44. Bd2 Ne4 45. Be3 1/2-1/2

[Event "North American op"]
[Site "Las Vegas USA"]
[Date "2017.12.27"]
[Round "4"]
[White "Samsonkin, Artiom"]
[Black "Ghaem Maghami, Ehsan"]
[Result "1/2-1/2"]
[WhiteElo "2407"]
[BlackElo "2545"]
[PlyCount "32"]
[EventDate "2017.12.26"]
[EventType "swiss"]
[EventRounds "9"]
[EventCountry "USA"]
[Source "Chess Mix"]
[SourceDate "2018.01.01"]

1. e4 c5 2. Nf3 e6 3. Nc3 a6 4. d4 cxd4 5. Nxd4 b5 6. Bd3 Bb7 7. O-O Qb6 8. Nb3
Qc7 9. Qe2 Nf6 10. e5 Nd5 11. Nxd5 Bxd5 12. a4 b4 13. f4 Nc6 14. Be3 a5 15. Nd2
Rc8 16. Ne4 Nd8 1/2-1/2

[Event "North American op"]
[Site "Las Vegas USA"]
[Date "2017.12.28"]
[Round "5"]
[White "Checa, Nicolas"]
[Black "Samsonkin, Artiom"]
[Result "1/2-1/2"]
[WhiteElo "2474"]
[BlackElo "2407"]
[PlyCount "114"]
[EventDate "2017.12.26"]
[EventType "swiss"]
[EventRounds "9"]
[EventCountry "USA"]
[Source "Chess Mix"]
[SourceDate "2018.01.01"]

1. d4 Nf6 2. Nf3 e6 3. c4 Bb4+ 4. Bd2 Qe7 5. g3 Bxd2+ 6. Qxd2 Nc6 7. Nc3 d5 8.
cxd5 exd5 9. Bg2 Bg4 10. O-O O-O-O 11. Qf4 Rhe8 12. Rab1 Kb8 13. b4 Bxf3 14.
Bxf3 g5 15. Qd2 Ne4 16. Bxe4 dxe4 17. d5 Qe5 18. Qe3 Nd4 19. Rbd1 Nf5 20. Qxg5
Rg8 21. Qh5 f6 22. d6 cxd6 23. Rd5 Nxg3 24. hxg3 Qxc3 25. e3 Rg7 26. Qf5 Rg5
27. Qxe4 Rxd5 28. Qxd5 Qxb4 29. Qf7 Qb2 30. Qxh7 Rc8 31. Rb1 Rc1+ 32. Rxc1
Qxc1+ 33. Kg2 Qc6+ 34. e4 Qe8 35. f4 d5 36. Kf3 dxe4+ 37. Qxe4 Qd7 38. f5 a5
39. Qe6 Qd1+ 40. Ke4 Qg4+ 41. Kd5 Qd1+ 42. Kc5 Qc2+ 43. Kd6 a4 44. Ke7 Qb2 45.
g4 Ka7 46. Qxf6 Qxa2 47. Qd4+ b6 48. f6 Qe2+ 49. Kd8 a3 50. f7 Qf3 51. Kc8 Qb7+
52. Kd8 Qxf7 53. Qa4+ Kb8 54. Qxa3 Qg8+ 55. Kd7 Qxg4+ 56. Kc6 Qe6+ 57. Kb5 Qd5+
1/2-1/2

[Event "North American op"]
[Site "Las Vegas USA"]
[Date "2017.12.28"]
[Round "6"]
[White "Samsonkin, Artiom"]
[Black "Gorovets, Andrey"]
[Result "1/2-1/2"]
[WhiteElo "2407"]
[BlackElo "2523"]
[PlyCount "49"]
[EventDate "2017.12.26"]
[EventType "swiss"]
[EventRounds "9"]
[EventCountry "USA"]
[Source "Chess Mix"]
[SourceDate "2018.01.01"]

1. e4 c5 2. Nf3 e6 3. Nc3 a6 4. d4 cxd4 5. Nxd4 Qc7 6. Bd3 Bd6 7. Be3 Nc6 8. h3
Nge7 9. O-O Ng6 10. Nxc6 dxc6 11. Qd2 Bf4 12. Bxf4 Nxf4 13. Ne2 Nxd3 14. cxd3
O-O 15. d4 e5 16. f4 exd4 17. Qxd4 c5 18. Rac1 b6 19. Qc3 Bb7 20. Ng3 Rfe8 21.
Rce1 f6 22. e5 Qc6 23. Rf2 fxe5 24. Nf5 Bc8 25. Rxe5 1/2-1/2

[Event "North American op"]
[Site "Las Vegas USA"]
[Date "2017.12.29"]
[Round "7"]
[White "Taghizadeh, Rayan"]
[Black "Samsonkin, Artiom"]
[Result "0-1"]
[WhiteElo "2346"]
[BlackElo "2407"]
[PlyCount "114"]
[EventDate "2017.12.26"]
[EventType "swiss"]
[EventRounds "9"]
[EventCountry "USA"]
[Source "Chess Mix"]
[SourceDate "2018.01.01"]

1. d4 Nf6 2. Bf4 g6 3. Nc3 Bg7 4. e4 d6 5. Qd2 c6 6. Bh6 Bxh6 7. Qxh6 e5 8.
O-O-O Qe7 9. f3 Nbd7 10. g3 Nb6 11. Nh3 Bd7 12. Nf2 O-O-O 13. Qe3 Kb8 14. Be2
Be6 15. Rhe1 Rhe8 16. Bf1 Bc4 17. Bxc4 Nxc4 18. Qd3 d5 19. Nb1 exd4 20. Qxd4
Ne5 21. exd5 Rxd5 22. Qf4 Rxd1+ 23. Rxd1 Nd5 24. Qe4 f5 25. Qe2 Nb4 26. Nc3 Qf7
27. Qd2 Nxa2+ 28. Kb1 Nxc3+ 29. Qxc3 Nc4 30. Nd3 Ne3 31. Re1 Nd5 32. Rxe8+ Qxe8
33. Qd4 Qe7 34. c4 Nc7 35. Nc5 b6 36. Nd3 Kb7 37. c5 Nd5 38. cxb6 axb6 39. Ne5
Qb4 40. Qxb4 Nxb4 41. Nd7 Nd5 42. g4 Kc7 43. Nf8 Nf6 44. g5 Nd7 45. Nxh7 Kd6
46. h4 Ke7 47. h5 gxh5 48. g6 h4 49. Kc2 Ne5 50. g7 Kf7 51. Ng5+ Kxg7 52. Kd2
Kg6 53. f4 Kh5 54. Nh3 Nc4+ 55. Kc3 Kg4 56. Nf2+ Kg3 57. Nh1+ Kg2 0-1

[Event "North American op"]
[Site "Las Vegas USA"]
[Date "2017.12.29"]
[Round "8"]
[White "Samsonkin, Artiom"]
[Black "Jimenez, Fidel"]
[Result "0-1"]
[WhiteElo "2407"]
[BlackElo "2512"]
[PlyCount "77"]
[EventDate "2017.12.26"]
[EventType "swiss"]
[EventRounds "9"]
[EventCountry "USA"]
[Source "Chess Mix"]
[SourceDate "2018.01.01"]

1. e4 c5 2. Nf3 d6 3. d4 cxd4 4. Qxd4 Nc6 5. Bb5 Bd7 6. Bxc6 Bxc6 7. Nc3 Nf6 8.
Bg5 e6 9. O-O-O h6 10. Bh4 Be7 11. Rhe1 O-O 12. Kb1 Qa5 13. Qd2 Qc5 14. Nd4
Rfd8 15. f3 Be8 16. Bf2 Qc4 17. g4 d5 18. e5 Nd7 19. b3 Qa6 20. Ncb5 Rac8 21.
Nd6 Rc5 22. h4 Ra5 23. c3 Bxd6 24. exd6 Qxd6 25. h5 Rc8 26. g5 hxg5 27. Qxg5 f6
28. Qg4 Ne5 29. Rxe5 fxe5 30. Nxe6 Qd7 31. Qb4 Bxh5 32. Qxa5 Bxf3 33. Rg1 Qxe6
34. Bxa7 Qh6 35. Qb4 Qd2 36. Bc5 Be4+ 37. Ka1 b6 38. Bd6 Rxc3 39. Qa3 0-1

[Event "CAN-op"]
[Site "Sault Ste Marie CAN"]
[Date "2017.07.08"]
[Round "1.7"]
[White "Samsonkin, Artiom"]
[Black "Henry, Liam"]
[Result "1/2-1/2"]
[WhiteElo "2426"]
[BlackElo "2082"]
[PlyCount "102"]
[EventDate "2017.07.08"]
[EventType "swiss"]
[EventRounds "9"]
[EventCountry "CAN"]

1. e4 c5 2. Nf3 d6 3. Bb5+ Bd7 4. Bxd7+ Qxd7 5. O-O Nf6 6. Qe2 Nc6 7. c3 e6 8.
Rd1 Be7 9. d4 cxd4 10. cxd4 d5 11. e5 Ne4 12. Ne1 f5 13. f3 Ng5 14. Nc3 O-O 15.
Be3 Rac8 16. Rac1 Nf7 17. Nd3 g5 18. Bf2 b6 19. Rc2 Nb4 20. Nxb4 Bxb4 21. Be1
Bxc3 22. Bxc3 Rc4 23. Rdc1 Rfc8 24. h4 gxh4 25. b3 R4c6 26. Be1 Rxc2 27. Rxc2
Rxc2 28. Qxc2 Qe7 29. Qc8+ Kg7 30. a3 Nh8 31. Bb4 Qf7 32. Qd8 Ng6 33. a4 Kh6
34. Kh2 Kh5 35. Bd2 Qe7 36. Qa8 h6 37. b4 Nf8 38. b5 Nh7 39. a5 bxa5 40. Bxa5
Ng5 41. Bd8 Qd7 42. Bxg5 hxg5 43. Qh8+ Kg6 44. Qf6+ Kh5 45. Kh1 h3 46. gxh3
Qxb5 47. Qh8+ Kg6 48. Qg8+ Kh5 49. Qh8+ Kg6 50. Qf6+ Kh5 51. Qh8+ Kg6 1/2-1/2

[Event "CAN-op"]
[Site "Sault Ste Marie CAN"]
[Date "2017.07.09"]
[Round "2.7"]
[White "Sundar, Avinaash"]
[Black "Samsonkin, Artiom"]
[Result "0-1"]
[WhiteElo "2073"]
[BlackElo "2426"]
[PlyCount "72"]
[EventDate "2017.07.08"]
[EventType "swiss"]
[EventRounds "9"]
[EventCountry "CAN"]

1. Nf3 Nf6 2. g3 b5 3. Bg2 Bb7 4. d4 e6 5. c4 bxc4 6. Qa4 c5 7. Nbd2 cxd4 8.
Nxc4 Bc6 9. Qd1 Bd5 10. b3 Nc6 11. O-O Bxf3 12. Bxf3 d5 13. Bf4 Nd7 14. Rc1 Rc8
15. Nd6+ Bxd6 16. Bxd6 f6 17. b4 Qb6 18. Qa4 Kf7 19. Bg2 Nce5 20. Bxe5 Nxe5 21.
Rfd1 Rc4 22. Rxc4 dxc4 23. Be4 f5 24. Bb1 Rd8 25. a3 h5 26. Qc2 h4 27. Qc1 hxg3
28. hxg3 d3 29. exd3 cxd3 30. Qf4 Kf6 31. Qh4+ g5 32. Qh6+ Ng6 33. Qh1 d2 34.
Qf3 Ne5 35. Qc3 Qb7 36. f4 gxf4 0-1